000 00699nam a22001817a 4500
005 20251108165323.0
008 250721s1976 xx 000 0 ara d
082 1 4 _a956.62/عبد
100 1 _aالكهلاني، عبد الله عبد الوهاب المجاهد الشماحي
245 1 0 _aالهجرات اليمنيه :
_bمن بون صنعاء إلى البحر الأبيض المتوسط و شمال افريقيا /
264 1 _aصنعاء :
_bمكتبة الجيل الجديد،
_c1976.
300 _a111ص
490 0 _aسلسلة الدراسات التاريخيه اليمنيه ؛1
650 1 7 _aاليمن
650 1 7 _aالتاريخ
942 _2ddc
_cBK
999 _c25023
_d25023